LIBRARY & INFORMATION CENTRE, KCAET, TAVANUR

ONLINE PUBLIC ACCESS CATALOGUE (OPAC)

Trigonometry / (Record no. 3002)

MARC details
000 -LEADER
fixed length control field 00546cam a2200241ua 4500
041 ## - LANGUAGE CODE
Language code of text/sound track or separate title eng
082 ## - DEWEY DECIMAL CLASSIFICATION NUMBER
Classification number 516.24
Item number 15.00
100 ## - MAIN ENTRY--AUTHOR NAME
Personal name Sharma, .
245 ## - TITLE STATEMENT
Title Trigonometry /
250 ## - EDITION STATEMENT
Edition statement 6 /
260 ## - PUBLICATION, DISTRIBUTION, ETC. (IMPRINT)
Place of publication Meerut :
Name of publisher Pragati Prakashan ,
Year of publication 1984.
300 ## - PHYSICAL DESCRIPTION
Number of Pages 208 ; .
700 1# - ADDED ENTRY--PERSONAL NAME
Personal name Agarwal, .
942 ## - ADDED ENTRY ELEMENTS (KOHA)
Koha item type Books
Holdings
Withdrawn status Lost status Damaged status Home library Current library Date acquired Full call number Accession Number Koha item type
      KAUAET KAUAET 07/04/2012 516.24 14761 Books
      KAUAET KAUAET 07/04/2012 516.24 14762 Books
      KAUAET KAUAET 07/04/2012 516.24 14763 Books
      KAUAET KAUAET 07/04/2012 516.24 14759 Books
Withdrawn     KAUAET Sanskrit University 07/04/2012 516.24 14760 Books
free website counter